00726 2200205 4500001002100000005001700021008004100038035002400079082001100103090002300114100004800137245012900185250001100314260008600325300002900411650002600440850001200466999002100478999002100499YOGYA-0209000002386720090227023819.0 ind  0010-020900000023867 a339.31 a339.31bYog PlYOG aYOGYAKARTA. (Propinsi) Pusat Data Prop. DIY aPDRB = Produk Domestik Regional Bruto beberapa kalurahan di daerah Istimewa Yogyakarta tahun 1982-1983cPusat Data Prop. DIY aCet. 1 aYogyakartabProyek Penghitungan Pendapatan Regional DIY Pust Data Prop. DIYc1984 axi, 275 hlmbilusc24 cm aProduk Domestik Bruto aYOPDYOG a21751-PD/A.06b1 a21752-PD/A.06b1